01676nam a2200313 i 4500001001000000003000900010005001700019007000300036008004100039040003000080082000700110111010600117245011000223264003400333300003900367336002700406337003300433338002800466590002600494700005100520710008500571942001400656952013700670952013700807952012600944952013101070952014401201999001701345000016141DO-SdBNP20250502073819.0ta100226s1981 dr c r 000 0 spa d aDO-SdBNPbspacBNPHUerda 42222 aSimposio sobre servicio civil y carrera administrativan(1a. :d1981 ene. 14 :cSanto Domingo)93613510aPrimer simposio sobre servicio civil y carrera administrativa /cpresentación, Raymundo Amaro Guzmán. aSanto Domingo :bONAP,c1981. a70 páginas:bretratos. ;c21 cm. 2rdacontentatextobtxt 2rdamediaasin mediaciónbn 2rdacarrieravolumenbnc aInventariado, 2024/BT1 aAmaro Guzmán, Raymundo,epresentación96561 aRepública Dominicana.bOficina Nacional de Administración y Personal 926398 2ddccLBS1 00102ddc56708DSaBNPHUbBNPHUcCTd2010-02-26l0oBNPHU DS C748p16141-30r2020-06-25te.3w2020-06-25yLBS1ZPréstamo en sala 00102ddc56708DSaBNPHUbBNPHUcCTd2013-05-13l0oBNPHU DS C748p16141-40r2020-06-25te.4w2020-06-25yLBS1ZPréstamo en sala 00102ddc51708PDaBNPHUbBNPHUcCTd2010-02-26l0oBNPHU PD C748p16141-10r2020-06-25w2020-06-25yLBS1ZNo se presta 00102ddc51708PDaBNPHUbBNPHUcCTd2010-02-26l0oBNPHU PD C748p16141-20r2020-06-25te.2w2020-06-25yLBS1ZNo se presta 00102ddc56708DSaBNPHUbBNPHUcCTd2024-03-11eDonado por Carmen Tejedal0oBNPHU DS C748p2024-1319r2024-03-11te.5w2024-03-11yLBS1 c15681d15681